PCE Investors Ltd v Cancer Research UK Ltd (Record no. 84164)
[ view plain ]
| 000 -LEADER | |
|---|---|
| fixed length control field | 01172cab a22001935a 4500 |
| 001 - CONTROL NUMBER | |
| control field | L156805 |
| 008 - FIXED-LENGTH DATA ELEMENTS--GENERAL INFORMATION | |
| fixed length control field | 120716e2012 xxk 000 0 eng d |
| 035 ## - SYSTEM CONTROL NUMBER | |
| System control number | (Sirsi) u156805 |
| 041 0# - LANGUAGE CODE | |
| Language code of text/sound track or separate title | eng |
| 245 00 - TITLE STATEMENT | |
| Title | PCE Investors Ltd v Cancer Research UK Ltd |
| Medium | [electronic resource] |
| 260 ## - PUBLICATION, DISTRIBUTION, ETC. | |
| Date of publication, distribution, etc. | 2012 |
| 520 ## - SUMMARY, ETC. | |
| Summary, etc. | [2012] EWHC 884 (Ch), 4 April 2012. Considers whether a landlord owes any duty to assist a tenant to exercise the break correctly. Tenant claimant P served a break notice on the defendant landlord C. C demanded rent due for the whole quarter two weeks before the break data. Thinking that it only had to pay rents up to the break date P wrote to C to get confirmation but C failed to reply before the break date passed. P contended that C owed it a duty to point out its error. "Held": found in favour of C: C had no such duty. P chose to take the risk of only paying up to the break date. |
| 590 ## - LOCAL NOTE (RLIN) | |
| Local note | KA |
| 650 24 - SUBJECT ADDED ENTRY--TOPICAL TERM | |
| Topical term or geographic name entry element | PCE INVESTORS LTD V CANCER RESEARCH UK |
| 651 #4 - SUBJECT ADDED ENTRY--GEOGRAPHIC NAME | |
| Geographic name | England and Wales |
| Chronological subdivision | 1543- |
| 690 ## - LOCAL SUBJECT ADDED ENTRY--TOPICAL TERM (OCLC, RLIN) | |
| Topical term or geographic name as entry element | Landlord and tenant |
| 9 (RLIN) | 6252 |
| 856 40 - ELECTRONIC LOCATION AND ACCESS | |
| Uniform Resource Identifier | <a href="https://www.bailii.org/ew/cases/EWHC/Ch/2012/884.html">https://www.bailii.org/ew/cases/EWHC/Ch/2012/884.html</a> |
| Public note | View the decision at www.bailii.org |
| 942 ## - ADDED ENTRY ELEMENTS (KOHA) | |
| Suppress in OPAC | 0 |
| Withdrawn status | Lost status | Source of classification or shelving scheme | Damaged status | Not for loan | Home library | Current library | Shelving location | Date acquired | Total Checkouts | Full call number | Barcode | Date last seen | Copy number | Price effective from | Koha item type |
|---|---|---|---|---|---|---|---|---|---|---|---|---|---|---|---|
| Dewey Decimal Classification | Virtual | Virtual | Online | 16/07/2012 | ONLINE PUBLICATION | 156805-2001 | 06/08/2019 | 1 | 06/08/2019 | Law report |